000
00277nam a2200097Ia 4500
001
851700
005
20250826174500.0
008
250824s9999 xx 000 0 und d
245
0
_a
ÇANAKKALEDE ÇOCUKLARDA SAVAŞTI
_c
SEVİNÇ KOÇAK,SALİM KOÇAK
260
_b
GENÇ HAYAT YAYINLARI
999
_c
851700
_d
851700